000 00797nam a22002177a 4500
999 _c17285
_d17285
003 AR-CdUCM
008 190508b ||||| |||| 00| 0 spa d
040 _aMUNICIPALIDAD PROVINCIAL DEL CUSCO
_cBIBLIOTECA MUNICIPAL DEL CUSCO
082 _a581.2 /
_bC79
100 _aCosta, J. J.
_937194
245 _aIntroducción a la terapéutica vegetal /
260 _aArgentina :
_bHemisferio sur;
_c1974.
300 _a533 paginas;
_c25 cm.
505 _aContenido : Plaguicidas microbiológicos -- Productos granulados -- Síntomas de intoxicación en abejas -- Precaución en uso de plaguicidas...
650 _aPlaguicidas
_937195
650 _aProductos granulados
_937196
650 _aFungitoxicología
_937197
710 _aMargheritis, A. E.
_937198
942 _2ddc
_cLIBROS
945 _arcc